02036nam a2200373 i 4500001001000000003000900010005001700019007000300036008004100039040003000080082002400110245011400134264007500248300005500323336002700378337003300405338002800438490004100466504008600507650008100593651005400674651005800728700004600786700004300832830004800875910003700923942001400960952013300974952011801107952012401225952013301349952016301482999001701645000027171DO-SdBNP20240930125901.0ta110330s1981 dr ac 001 0 spa d aDO-SdBNPbspacBNPHUerda a917.29323bI62i22200aInvestigaciones en las islas Beata y Alto Velo /cintroducción Bernardo Vega ; edición José Chez Checo. aSanto Domingo :bMuseo del Hombre DominicanobMarina de Guerra,c1981. a248 páginas :bilustraciones retratos. ;c21 cm. ardacontentbtexto2txt ardamediabsin mediación2n brdacarrier0volumen2nc1 aInvestigaciones antropológicasv18 aIncluye bibliografía y notas al pie de las páginas y al final de capítulos. 4aExpediciones científicaszPedernales (República Dominicana{Rpara}954232 4aBeata (Isla{Rpara}xDescripciones Y Viajes954233 4aAlto Velo (Isla{Rpara}xDescripciones Y Viajes95423412aChez Checo, José,d1949-eeditor91014512aVega, Bernardo,d1938 -eintrod.93222 0aInvestigaciones antropológicasn18954235 aValidado. Control de calidad EMS 2ddccLBS1 001054708DSaGRbGRcHDd2011-03-31iLF1l0o917.29323 I62ip27171-30r2020-06-25te. 3w2020-06-25yLFDSZPréstamo en sala 0010718PDaPDbPDcHDd2011-03-30iLF1l0o917.29323 I62ip27171-10r2020-06-25w2020-06-25yLFPDZNo se presta 0010718PDaPDbPDcHDd2011-03-30iLF1l0o917.29323 I62ip27171-20r2020-06-25te. 2w2020-06-25yLFPDZNo se presta 001054708DSaPDbPDcHDd2014-06-05iLF1l0o917.29323 I62ip27171-40r2020-06-25te. 4w2020-06-25yLFDSZPréstamo en sala 00102ddc56708DSaBNPHUbBNPHUcCTd2024-09-30edonaciónl0oBNPHU DS 917.29323 I62ip2024-5479r2024-09-30te.5w2024-09-30yLBS1zEmilio Cordero Michel c26663d26663